| 000 | 00509nam a2200193 a 4500 | ||
|---|---|---|---|
| 001 | 1771665202917 | ||
| 003 | YourLibrary | ||
| 005 | 20260221144453.0 | ||
| 008 | 260221s2006##################000#0#eng## | ||
| 020 | _a9781591398400 | ||
| 082 | 0 | 4 |
_a338.476606 _bPIS |
| 100 | 1 |
_aPisano, Gary P., _eauthor. |
|
| 245 | 1 | 0 | _aScience Business : |
| 260 |
_bHarvard Business Press, _c2006. |
||
| 300 | _a276 pages | ||
| 650 | 0 | _aBusiness & Economics. | |
| 942 | _cENGLISH | ||
| 040 |
_aYourLibrary _beng _cYourLibrary |
||
| 999 |
_c615157 _d615157 |
||